South American Capital Search Quiz Stats

 Plays Quiz Updated Aug 19, 2013

Support Sporcle.
Go Orange.
Score 0/12 Timer 02:00
2 Plays Today
% Correct
Buenos Aires
94.9%
Lima
94.5%
Brasília
93.8%
Bogotá
92.8%
Santiago
91.9%
La Paz
90.5%
Caracas
89.9%
Quito
86.7%
Montevideo
86.5%
Asunción
82.1%
Paramaribo
62.6%
Georgetown
55.5%

From the Vault

Backlit on the Big Screen

by Propellerhead

Movies 7m
Would someone please just turn on the lights?
Remove Ads.
Support Sporcle.
Get the best of Sporcle when you Go Orange. This ad-free experience offers more features, more stats, and more fun while also helping to support Sporcle. Thank you for becoming a member.

Show Comments

Extras

Top Quizzes Today


Score Distribution

Your Account Isn't Verified!

In order to create a playlist on Sporcle, you need to verify the email address you used during registration. Go to your Sporcle Settings to finish the process.

Report this User

Report this user for behavior that violates our Community Guidelines.

Details: